Bienvenue à la Médiathèque de Saint-Andiol
banniere
Accueil Recherche avancée Mon compte
handi1 Rechercher dans le catalogue

Filtre   Mots-clés
  Recherche avancée
 
Lister les dernières nouveautés
 
Lister les livres GROS CARACTERES
 
Lister les périodiques (magazines)

handi1 Babar [ 405 ]

Book Cover
Titre : Babar [ 405 ]
Support : Livres
Langue : Francais
Publié : Bayard Jeunesse Paris
Genre : Revues et magazines
Sujets :
Étiquettes :
Pas de tags
LEADER 00479nas0a2200181 450
001 16867872
011 |b Br.  |d 4,95 € 
100 |a 20260313d2026 u u0frey01 ba 
101 0 |a fre 
102 |a FR 
110 0 |a afu 0uu0 
200 0 |a Babar [ 405 ] 
207 1 |a  405 
210 |a Paris  |c Bayard Jeunesse 
676 |a 070.17 
900 |a Revues et magazines 
901 |a Jeunesse 
995 |a Médiathèque  |c Médiathèque  |f 089021779  |h 089021779  |k 070.17 BAB 405  |o p  |q j  |r az  |e Médiathèque